Biblioteca

Reflections on the present economic situation (Registro nro. 55296)

Detalles MARC
000 -LÍDER
Campo fijo de descripción fija 01304aab a2200241 i 4500
001 - NÚMERO DE CONTROL
Campo de control 768714001
003 - IDENTIFICADOR DEL NÚMERO DE CONTROL
Campo de control CO-MdFUSB
005 - FECHA Y HORA DE LA ULTIMA TRANSACCIÓN
control field 20240703100942.0
008 - ELEMENTOS DE LONGITUD FIJA -- INFORMACIÓN GENERAL
Campo fijo de descripción fija -- Información general 240703t1991 sz ||||| |||| 00| 0 eng d
040 ## - FUENTE DE CATALOGACIÓN
Idioma de catalogación spa
Agencia que realiza la transcripción CO-MdFUSB
041 ## - CÓDIGO DE IDIOMA
Código de idioma para texto/pista de sonido o título separado eng
100 1# - ASIENTO PRINCIPAL--NOMBRE PERSONAL
Nombre personal Lange, Harry de
Término relacionador autor
245 ## - TÍTULO
Título Reflections on the present economic situation
Mención de responsabilidad / Harry de Lange
520 ## - NOTA DE RESUMEN, ETC.
Nota de sumario, etc. Se presenta los problemas económicos reales de la Comunidad Europea y se da alguna información sobre las discusiones en y entre los Estados miembros. Se cuestiona: ¿Cuáles son las implicaciones para las iglesias en esta parte de Europa mirando hacia el futuro cuando sus naciones probablemente entren en una economía de mercado?<br/>En este pensamiento social ecuménico se pueden distinguir algunos principios básicos, en particular el principio de justicia social. Este pensamiento se ha profundizado en esas últimas décadas.
546 ## - NOTA DE IDIOMA
Nota de idioma Texto en inglés.
650 #0 - ASIENTO SECUNDARIO DE MATERIA - TERMINO TEMÁTICO
Término temático o nombre geográfico como elemento de entrada Ecumenismo
Subdivisión general Historia
9 (RLIN) 1146
650 #0 - ASIENTO SECUNDARIO DE MATERIA - TERMINO TEMÁTICO
Término temático o nombre geográfico como elemento de entrada Iglesia y problemas mundiales
9 (RLIN) 912
650 #0 - ASIENTO SECUNDARIO DE MATERIA - TERMINO TEMÁTICO
Término temático o nombre geográfico como elemento de entrada Justicia social
9 (RLIN) 1851
650 #7 - ASIENTO SECUNDARIO DE MATERIA - TERMINO TEMÁTICO
Término temático o nombre geográfico como elemento de entrada Gestión de conflictos
9 (RLIN) 2119
773 0# - ASIENTO DE ITEM FUENTE
Título Reformed World
Biblionumber 49396
Itemnumber 59547
Parte(s) relacionada(s) / Volumen., número. (mes año), páginas Volumen 41 (número 6, 1991) páginas: 182 - 192
Enumeración y primera página páginas: 182
942 ## - TIPO DE MATERIAL (KOHA)
Tipo de Item KOHA Artículos de Revista
945 ## - INFORMACIÓN LOCAL DEL REGISTRO
Catalogador Catherine Arias Álvarez - Practicante SENA

No hay ítems disponibles.

Biblioteca FUSBC | Teléfono: (57+4) 349 88 10 Ext. 141| WhatsApp (+57) 3005338115 
E-mail: biblioteca@unisbc.edu.co | Calle 76 87-14 Robledo Palenque, Medellín, Colombia

Con tecnología Koha